Регионална библиотека "Любен Каравелов" - Русе

Дисциплинарна отговорност на работника и служителя по Кодекса на труда (Запис номер 748)

MARC детайли
000 -Лидер
Контролно поле с фиксирана дължина 01551nam a2200337 c 4500
003 - Код на организацията, давaща контролен номер
Контролно поле BLK
005 - Дата и час на последна редакция
Контролно поле 20180420213241.0
008 - Елементи от данни с фиксирана дължина
fixed length control field 180412b bul|||||r ||||||| ||bul||
010 ## - Наследен системен номер
LC control number KNG00001308000
020 ## - Международен стандартен номер на книга ISBN
Международен стандартен номер на книга ISBN 954-460-036-1
-- издат.: Дикта-Интелект
040 ## - Източник на каталожния запис
Идентификатор на билиотеката - собственик на записа BLK
041 ## - Код за език
Код за езика на текст/звукозапис или на отделно заглавие Български
Код за езика КДБФ Български
080 ## - УДК
Текстов определител УДК Производителност на труда. Интензивност на труда - трудова дисциплина, дисциплинарни мерки
УДК код - определител по УДК 349.225
УДК определител (497.2)(035)
УДК - код + определител 349.225(497.2)(035)
100 1# - Редна дума - Автор
Автор Асланова, Румяна
Авторска отговорност първи автор
R(LIN) 242949
139 ## - Редно поле
Редна дума Асланова, Румяна
Авторски знак Ас - А 92
245 10 - Сведения за заглавието
Заглавие Дисциплинарна отговорност на работника и служителя по Кодекса на труда
Подзаглавни данни Справочник
Редно поле (дума) Румяна Асланова.
260 ## - Област на издателските данни
-- София
Име на издателя, разпространителя и проч. Дикта-Интелект
Година на издаване 1994
300 ## - Физическа характеристика
Страници 32 с.
Размери/Мащаб 21 см
380 ## - Жанр
Жанр Обществени науки
490 1# - СЕРИИ (Колекции)
Име на серия Библиотека Трудово право
490 1# - СЕРИИ (Колекции)
-- Подсерия
Име на серия Консултации по новата трудово-правна уредба
№: серия 14
500 ## - Общи забележки
Забележка Деп. списък: 13. - 5 000 тир.
650 #4 - Допълнително описание по предмет – тема
Основно описание – тема или топоним Трудово право - България - справочници
9 (RLIN) 242950
653 ## - Ключова дума – ненормативна
Ключова дума отговорност
653 ## - Ключова дума – ненормативна
Ключова дума Кодекс на труда
852 ## - Местоположение
Форматна сигнатура Цб 177198
856 4# - Електронен адрес и достъп
Електронен формат pdf - файл
Път до файла /url/
856 4# - Електронен адрес и достъп
Електронен формат pdf - файл
Път до файла /url/
942 ## - АРТИКУЛИ
Вид на библиотечния материал Книги
Скрит в OPAC Не
944 ## - СЪЗДАВАНЕ И РЕДАКЦИЯ на ЗАПИСА
Създаване/Редакция Създаване
Дата на регистрацията/редакция 15.01.2003
Служител, извършил регистрацията/редакцията Пенка_Димитрова
944 ## - СЪЗДАВАНЕ И РЕДАКЦИЯ на ЗАПИСА
Създаване/Редакция Редакция
Дата на регистрацията/редакция 15.03.2012
Служител, извършил регистрацията/редакцията
999 ## - СИСТЕМНИ КОНТРОЛНИ НОМЕРА
Koha biblionumber 748
Koha biblioitemnumber 748
Наличности
Код за отписване Код за изгубен артикул Източник на класификационната схема Код за повреда Коз за рестрикции Код за отдаване Артикулен № Име на библиотеката - собственик Име на библиотеката, в която се намира в момента Статус (Текущо местоположение) Дата на вписване в системата Местоположение - отдел Цена в лева Инвентарен номер Систематично азбучна сигнатура Баркод Номер на екземпляра Цена в евро Служебна бележка Служебен тип на артикула
  Не е изгубен Universal Decimal Classification Не е повреден без рестрикции ползва се в читалня 1547 Регионална библиотека "Любен Каравелов" Русе Регионална библиотека "Любен Каравелов" Русе Хранилище 1994-01-01 Хранилище 0.00 601362 Цб 177198 120000601362 1 0.00 N: стар фонд Дата: 01.01.1994 Книги
Vip Innovations Ltd, Rousse, Bulgaria 2025